<?xml version="1.0" encoding="UTF-8"?>
<record
    xmlns:xsi="http://www.w3.org/2001/XMLSchema-instance"
    xsi:schemaLocation="http://www.loc.gov/MARC21/slim http://www.loc.gov/standards/marcxml/schema/MARC21slim.xsd"
    xmlns="http://www.loc.gov/MARC21/slim">

  <leader>00486    a2200109   4500</leader>
  <controlfield tag="001">ART_30648</controlfield>
  <controlfield tag="005">20260410162003.0</controlfield>
  <controlfield tag="008">260409a                                 </controlfield>
  <datafield tag="245" ind1="1" ind2="0">
    <subfield code="a">Hacia una visi&#xF3;n hist&#xF3;rico-anticipativa de los pa&#xED;ses del Mercosur, Espa&#xF1;a y Portugal en t&#xE9;rmino de una din&#xE1;mica societal basada en el cambio generacional de las motivaciones de sus habitantes</subfield>
  </datafield>
  <datafield tag="100" ind1="1" ind2=" ">
    <subfield code="a">Mallmann, Carlos Alberto</subfield>
  </datafield>
  <datafield tag="773" ind1="0" ind2=" ">
    <subfield code="t">Foro econ&#xF3;mico</subfield>
    <subfield code="g">- A&#xF1;o V, N&#xBA; 9 (dic. 1999)</subfield>
    <subfield code="w">REV30369</subfield>
  </datafield>
  <datafield tag="999" ind1=" " ind2=" ">
    <subfield code="c">31449</subfield>
    <subfield code="d">31449</subfield>
  </datafield>
</record>
